000 00820cam a2200229 a 4500
001 000007677
005 20200929154246.0
008 720515s1966 wiub 000 0 eng
040 _aDO-SdBNP
_bspa
_cBNPHU
041 1 7 _aspa
_heng
082 _a880.82
_bC614t
245 0 0 _aClassics in translation, /
_cedición Paul MacKendrick y Herbert M. Howe.
260 _aMadison :
_bUniversity of Wisconsin Press,
_c1966.
300 _av. :
_bil., mapas ;
_c25 cm.
500 _aLa biblioteca posee el v. 2.
505 0 _av. 2.
_tLatin literature.
650 4 _aLiteratura clásica
_xTraducciones al inglés
_921272
650 4 _aLiteratura latina
_93147
650 4 _aLiteratura griega
_92386
700 1 2 _aMacKendrick, Paul Lachlan,
_d1914-1998.
_eed.
_921273
700 1 _aHowe, Herbert M.
_q(Herbert Marshall),
_d1912-
_eed.
_921274
999 _c7457
_d7457